Central Library OPAC University of Rajshahi

Munshi Premchand : (Record no. 21855)

MARC details
000 -LEADER
fixed length control field 00605nam a2200217 i 4500
001 - CONTROL NUMBER
control field 21855
003 - CONTROL NUMBER IDENTIFIER
rucl marc code BD-RjUL
005 - DATE AND TIME OF LATEST TRANSACTION
control field 20211209000734.0
008 - FIXED-LENGTH DATA ELEMENTS--GENERAL INFORMATION
fixed length control field 140305s1964 ii f 00100beng d
035 ## - SYSTEM CONTROL NUMBER
System control number (BD-RjUL)21920
System control number (BD-RjUL)
040 ## - CATALOGING SOURCE
Original cataloging agency BD-RjUL
Language of cataloging eng
Transcribing agency BD-RjUL
Modifying agency BD-RjUL
041 ## - LANGUAGE CODE
Language code of text/sound track or separate title eng
082 ## - DEWEY DECIMAL CLASSIFICATION NUMBER
Classification number 891.4
Author mark and year GOM
100 1# - MAIN ENTRY--PERSONAL NAME
Personal name Gopal, Madan.
9 (RLIN) 67479
245 10 - TITLE STATEMENT
Title Munshi Premchand :
Remainder of title a literary biography /
Statement of responsibility, etc. Madan Gopal.
260 0# - PUBLICATION, DISTRIBUTION, ETC. (IMPRINT)
Place of publication, distribution, etc. Bombay :
Name of publisher, distributor, etc. Asia Publishing,
Date of publication, distribution, etc. 1964.
300 ## - PHYSICAL DESCRIPTION
Pagination xvi, 462 p. :
Illustrations plates ;
Size 23 cm.
600 00 - SUBJECT ADDED ENTRY--PERSONAL NAME
Personal name Premacanda,
Dates associated with a name 1881-1936.
942 ## - ADDED ENTRY ELEMENTS (KOHA)
Source of classification or shelving scheme Dewey Decimal Classification
Koha item type Books
Holdings
Lost status Source of classification or shelving scheme Damaged status Not for loan Collection code Permanent Location Current Location Shelving location Date acquired Source of acquisition Cost, normal purchase price Full call number Date last seen Copy number Koha item type Total Checkouts
  Dewey Decimal Classification   Not For Loan Fiction Central Library, University of Rajshahi Central Library, University of Rajshahi Reading Room 04/07/1968 Book Center 32.50 891.4 GOM 1964 05/03/2014 C-1 Books  
  Dewey Decimal Classification     Fiction Central Library, University of Rajshahi Central Library, University of Rajshahi General Stacks 11/07/1974 India Govt   891.4 GOM 1964 25/01/2026 C-2 Books